RAHSIA PENGURUSAN CHINA / (Record no. 4650)

000 -LEADER
fixed length control field aam a22 a 4500
003 - CONTROL NUMBER IDENTIFIER
control field AKMAL
005 - DATE AND TIME OF LATEST TRANSACTION
control field 20170726152249.0
008 - FIXED-LENGTH DATA ELEMENTS--GENERAL INFORMATION
fixed length control field 170726t20162014my e a000 0 may d
020 ## - INTERNATIONAL STANDARD BOOK NUMBER
International Standard Book Number 9789674306724
Qualifying information paperback
Terms of availability RM20.00
040 ## - CATALOGING SOURCE
Original cataloging agency BNM
082 04 - DEWEY DECIMAL CLASSIFICATION NUMBER
Classification number 658.300951 NIE
Edition number 23
090 00 - LOCALLY ASSIGNED LC-TYPE CALL NUMBER (OCLC); LOCAL CALL NUMBER (RLIN)
Classification number (OCLC) (R) ; Classification number, CALL (RLIN) (NR) 658.300951
Local cutter number (OCLC) ; Book number/undivided call number, CALL (RLIN) NIE
100 1# - MAIN ENTRY--PERSONAL NAME
Personal name Nie, Shengzhe,
Relator term author.
9 (RLIN) 8954
245 10 - TITLE STATEMENT
Title RAHSIA PENGURUSAN CHINA /
Statement of responsibility, etc. Nie Shengzhe ; Penterjemah Goh Sang Seong
246 33 - VARYING FORM OF TITLE
Display text Translation of:
Title proper/short title Business Management The Chinese Way
264 #1 - PRODUCTION, PUBLICATION, DISTRIBUTION, MANUFACTURE, AND COPYRIGHT NOTICE
Place of production, publication, distribution, manufacture Kuala Lumpur :
Name of producer, publisher, distributor, manufacturer Institut Terjemahan & Buku Malaysia,
Date of production, publication, distribution, manufacture, or copyright notice 2016
264 #4 - PRODUCTION, PUBLICATION, DISTRIBUTION, MANUFACTURE, AND COPYRIGHT NOTICE
Date of production, publication, distribution, manufacture, or copyright notice ©2014
300 ## - PHYSICAL DESCRIPTION
Extent xvii, 98 pages ;
Dimensions 23 cm
650 10 - SUBJECT ADDED ENTRY--TOPICAL TERM
Topical term or geographic name entry element Personnel management
Geographic subdivision China
9 (RLIN) 8955
650 20 - SUBJECT ADDED ENTRY--TOPICAL TERM
Topical term or geographic name entry element Personnel management
Form subdivision Handbooks, manuals, etc.
9 (RLIN) 6486
650 20 - SUBJECT ADDED ENTRY--TOPICAL TERM
Topical term or geographic name entry element Employee handbooks
Geographic subdivision China
9 (RLIN) 8956
650 20 - SUBJECT ADDED ENTRY--TOPICAL TERM
Topical term or geographic name entry element Management
Geographic subdivision China
General subdivision Philosophy
9 (RLIN) 8957
650 20 - SUBJECT ADDED ENTRY--TOPICAL TERM
Topical term or geographic name entry element Supervision of employees
Geographic subdivision China
9 (RLIN) 8958
700 1# - ADDED ENTRY--PERSONAL NAME
Personal name Goh, Sang Seong,
Relator term translator.
9 (RLIN) 8959
942 ## - ADDED ENTRY ELEMENTS (KOHA)
Source of classification or shelving scheme
Koha item type Book
950 ## - LOCAL HOLDINGS (RLIN)
Permanent shelving location, LOC (RLIN) AKMAL
Holdings
Withdrawn status Lost status Source of classification or shelving scheme Damaged status Not for loan Collection code Home library Current library Shelving location Date acquired Inventory number Total Checkouts Full call number Barcode Date last seen Price effective from Koha item type
          NON-FICTION AKMAL Melaka AKMAL Melaka PINJAMAN 26.07.2017 602748   658.300951 NIE 201707504 26.07.2017 26.07.2017 Book
          NON-FICTION AKMAL Melaka AKMAL Melaka PINJAMAN 26.07.2017 602749   658.300951 NIE 201707503 26.07.2017 26.07.2017 Book
          NON-FICTION AKMAL Melaka AKMAL Melaka PINJAMAN 26.07.2017 602750   658.300951 NIE 201707502 26.07.2017 26.07.2017 Book
Pusat Sumber Maklumat Dato' Haji Sarmin Md Hussin, Akademi Kastam Diraja Malaysia, Melaka
Tel: 06-2331106 | Faks: 06-2313787